जल,संरक्षण,प्रबंधन एवं जल जागरूकता / (Record no. 75004)

MARC details
000 -LEADER
fixed length control field 01292nam a22002657a 4500
005 - DATE AND TIME OF LATEST TRANSACTION
control field 20180601104934.0
008 - FIXED-LENGTH DATA ELEMENTS--GENERAL INFORMATION
fixed length control field 121226t xxu||||| |||| 00| 0 hin d
010 ## - LCCN (DPL NO)
LC control number HIN-98964 राष्ट्रपति-2 B-694121
020 ## - INTERNATIONAL STANDARD BOOK NUMBER
Terms of availability 225.00
International Standard Book Number 9788170169239
035 ## - SYSTEM CONTROL NUMBER
System control number HN-71310
035 ## - SYSTEM CONTROL NUMBER
System control number B-694121
037 ## - SOURCE OF ACQUISITION
Source of stock number/acquisition DBAD / PUB
037 ## - SOURCE OF ACQUISITION
Source of stock number/acquisition किताबघर
040 ## - CATALOGING SOURCE
Original cataloging agency DPL
Language of cataloging HN
082 ## - DEWEY DECIMAL CLASSIFICATION NUMBER
Classification number 333.91068
100 ## - MAIN ENTRY--PERSONAL NAME
9 (RLIN) 27482
Personal name खन्ना,विजय
245 ## - TITLE STATEMENT
Title जल,संरक्षण,प्रबंधन एवं जल जागरूकता /
Statement of responsibility, etc विजय खन्ना
260 ## - PUBLICATION, DISTRIBUTION, ETC. (IMPRINT)
Name of publisher, distributor, etc किताब घर
Date of publication, distribution, etc 2013
-- 2018 राष्ट्रपति-2
Place of publication, distribution, etc नई दिल्ली
270 ## - ADDRESS
Address 24/4855, अंसारी रोड़, दरियागंज
City नई दिल्ली
Postal code 110002
300 1# - PHYSICAL DESCRIPTION
Extent 128पृ.
Dimensions 22सेमी (सजिल्द)
500 ## - GENERAL NOTE
General note राष्ट्रपति-2
650 ## - SUBJECT ADDED ENTRY--TOPICAL TERM
9 (RLIN) 54617
Topical term or geographic name as entry element हिन्दी कविता
942 ## - ADDED ENTRY ELEMENTS (KOHA)
Institution code [OBSOLETE] dpl
Item type Hindi Books
Source of classification or shelving scheme Dewey Decimal Classification
Call number suffix खन्नावि
Classification part 333.91068
Holdings
Withdrawn status Lost status Source of classification or shelving scheme Damaged status Not for loan Collection code Home library Current library Date acquired Source of acquisition Cost, normal purchase price Total Checkouts Full call number Barcode Date last seen Copy number Cost, replacement price Koha item type Public note
    Dewey Decimal Classification   Not For Loan Non-fiction D.B.Act.Division D.B.Act.Division 30/04/2013 DBAD/PUB 225.00   333.91068 खन्नावि HN-71310 30/04/2013 1 225.00 Hindi Books  
    Dewey Decimal Classification     Non-fiction Mobile Library Mobile Library 01/06/2018 किताबघर BL-25609/30.5.18/459/30.5.18/31.5.18 225.00   333.91068 खन्नावि B-694121 01/06/2018 1 225.00 Hindi Books राष्ट्रपति भवन-2

© Delhi Public Library
Hit Counter
free hit counter